[Event "Laval XXII"]
[Site "Laval CAN"]
[Date "2006.11.25"]
[Round "2"]
[White "Libersan, Thierry"]
[Black "Bolduc, Steve"]
[Result "1-0"]
[WhiteElo "2105"]
[BlackElo "2309"]
[PlyCount "133"]
[GameId "2160767910747913"]
[EventDate "2006.11.24"]
[EventType "swiss"]
[EventRounds "5"]
[EventCountry "CAN"]
[SourceTitle "EXT 2008"]
[Source "ChessBase"]
[SourceDate "2007.11.25"]
[SourceVersion "1"]
[SourceVersionDate "2007.11.25"]
[SourceQuality "1"]

1. e4 c5 2. Nf3 Nc6 3. Nc3 e5 4. Bc4 Be7 5. d3 Nf6 6. Ng5 O-O 7. f4 exf4 8. Nf3 d6 9. Bxf4 Bg4 10. h3 Bxf3 11. Qxf3 Nd4 12. Qf2 Nh5 13. Bh2 Kh8 14. O-O-O f5 15. Qe1 Bh4 16. g3 Bxg3 17. Bxg3 Qg5+ 18. Kb1 Nxg3 19. Rg1 f4 20. Qf2 Qh5 21. Nd5 Qe2 22. Rd2 Qxf2 23. Rxf2 Nde2 24. Re1 f3 25. Nc7 Rac8 26. Ne6 Rf6 27. Ng5 h6 28. h4 hxg5 29. hxg5 Rcf8 30. gxf6 Rxf6 31. Bd5 g5 32. e5 dxe5 33. Rxf3 Kg7 34. Rxf6 Kxf6 35. Bxb7 g4 36. c3 Nf4 37. Rg1 Nfh5 38. b4 cxb4 39. c4 Kg5 40. Bc8 Kf4 41. c5 Nf6 42. c6 Nd5 43. Rc1 e4 44. Rc4 Nb6 45. Bxg4 Kxg4 46. Rxb4 Nc8 47. c7 Nf5 48. Rxe4+ Kg5 49. Kc2 Nfd6 50. Re1 Kf6 51. Kb3 Nf5 52. Kb4 Nfe7 53. Kc5 Kf7 54. Kb5 Ke8 55. Ka6 Kd7 56. Rc1 Nc6 57. d4 N6e7 58. a4 Nc6 59. a5 N6e7 60. Kb7 Nd5 61. Rc5 Nde7 62. Kb8 Nd6 63. Kxa7 Nc6+ 64. Rxc6 Kxc6 65. Kb8 Kd7 66. a6 Nc8 67. d5 1-0

[Event "Laval XXII"]
[Site "Laval CAN"]
[Date "2006.11.26"]
[Round "4"]
[White "Trinh, Tri Bao"]
[Black "Bolduc, Steve"]
[Result "1/2-1/2"]
[WhiteElo "2016"]
[BlackElo "2315"]
[PlyCount "97"]
[GameId "2160767910747925"]
[EventDate "2006.11.24"]
[EventType "swiss"]
[EventRounds "5"]
[EventCountry "CAN"]

1. c4 b6 2. Nf3 Bb7 3. g3 e6 4. Bg2 f5 5. O-O Nf6 6. a3 Be7 7. Nc3 c5 8. d4 Ne4 9. d5 Nxc3 10. bxc3 Bf6 11. Qd3 O-O 12. Rd1 Qc8 13. Bf4 Re8 14. Be5 Bxe5 15. Nxe5 d6 16. Nf3 e5 17. e4 fxe4 18. Qxe4 Nd7 19. Ng5 Nf6 20. Qh4 Qg4 21. Qxg4 Nxg4 22. Bh3 Bc8 23. Ne4 Nf6 24. Nxf6+ gxf6 25. Bxc8 Raxc8 26. a4 Rb8 27. Rdb1 e4 28. Re1 f5 29. Ra2 Re5 30. Kf1 Rbe8 31. Ke2 f4 32. gxf4 Rh5 33. Rg1+ Kf7 34. a5 Rxh2 35. axb6 axb6 36. Ra7+ Re7 37. Rg7+ Kxg7 38. Rxe7+ Kf6 39. Re6+ Kf5 40. Rxd6 Rh3 41. Rxb6 Rxc3 42. d6 Rxc4 43. Rc6 Kxf4 44. d7 Rd4 45. Rxc5 Rxd7 46. Rc8 Rd5 47. Rf8+ Rf5 48. Rxf5+ Kxf5 49. f3 1/2-1/2

[Event "Monteregie"]
[Site "St-Hyacinthe CAN"]
[Date "2006.11.17"]
[Round "1"]
[White "Bolduc, Steve"]
[Black "Morissette, Jean"]
[Result "1-0"]
[WhiteElo "2309"]
[BlackElo "1969"]
[PlyCount "60"]
[GameId "2160767910748028"]
[EventDate "2006.11.17"]
[EventType "swiss"]
[EventRounds "5"]
[EventCountry "CAN"]

1. d4 d5 2. c4 e6 3. Nf3 Nf6 4. g3 c6 5. Bg2 Bb4+ 6. Bd2 Be7 7. Qc2 O-O 8. O-O Ne4 9. Nc3 Nxd2 10. Qxd2 Nd7 11. e4 dxc4 12. Rad1 Bb4 13. Qc2 Qa5 14. e5 Bxc3 15. bxc3 f6 16. exf6 gxf6 17. Rfe1 Nb6 18. Re4 Bd7 19. Rg4+ Kh8 20. Rh4 Rf7 21. Nd2 Nd5 22. Rc1 b5 23. Ne4 Qc7 24. Nc5 Re8 25. Bh3 Bc8 26. Re1 Rfe7 27. Bg2 e5 28. Bxd5 cxd5 29. Qg6 Rf8 30. Qh6 Qd8 1-0

[Event "Monteregie"]
[Site "St-Hyacinthe CAN"]
[Date "2006.11.18"]
[Round "2"]
[White "Papineau (Granby), Daniel"]
[Black "Bolduc, Steve"]
[Result "0-1"]
[WhiteElo "1988"]
[BlackElo "2309"]
[PlyCount "54"]
[GameId "2160767910748029"]
[EventDate "2006.11.17"]
[EventType "swiss"]
[EventRounds "5"]
[EventCountry "CAN"]

1. d4 g6 2. c4 Bg7 3. Nc3 d6 4. e4 Nc6 5. Be3 e5 6. Nge2 Nh6 7. d5 Nb8 8. f3 f5 9. Qd2 Nf7 10. O-O-O a6 11. Kb1 Nd7 12. Nc1 c5 13. dxc6 bxc6 14. Na4 Bb7 15. Nb3 Qc7 16. Na5 Rd8 17. Be2 Nc5 18. Nxc5 dxc5 19. Qc3 Bf8 20. Qa3 Rd4 21. Bxd4 exd4 22. Nxb7 Qxb7 23. Rd3 Bd6 24. Rb3 Qa7 25. f4 Bxf4 26. Rf1 Be5 27. Qa4 Kd7 0-1

[Event "Monteregie"]
[Site "St-Hyacinthe CAN"]
[Date "2006.11.18"]
[Round "3"]
[White "Bolduc, Steve"]
[Black "Giroux, Robert"]
[Result "1-0"]
[WhiteElo "2309"]
[BlackElo "1801"]
[PlyCount "81"]
[GameId "2160767910748030"]
[EventDate "2006.11.17"]
[EventType "swiss"]
[EventRounds "5"]
[EventCountry "CAN"]

1. d4 Nf6 2. Nf3 b6 3. c4 e6 4. a3 d5 5. Nc3 Be7 6. Qa4+ c6 7. Ne5 Bb7 8. cxd5 exd5 9. Bf4 a5 10. e3 O-O 11. Bd3 b5 12. Qc2 Re8 13. O-O Nbd7 14. Ne2 Rc8 15. Ng3 Bf8 16. Nxd7 Nxd7 17. Bxh7+ Kh8 18. Bd3 g6 19. Qd1 Nf6 20. Be5 Bg7 21. h4 Ne4 22. Bxg7+ Kxg7 23. Bxe4 dxe4 24. Qg4 Qd5 25. Rac1 f5 26. Qg5 Qd8 27. Nxf5+ Kf7 28. Ng3 Qxg5 29. hxg5 c5 30. Rxc5 Rxc5 31. dxc5 Re5 32. Rd1 Bc6 33. b4 axb4 34. axb4 Rd5 35. Rxd5 Bxd5 36. Ne2 Ke7 37. Nf4 Bf7 38. Kf1 Be8 39. Ke1 Kf7 40. Kd2 Bc6 41. Kc3 1-0

[Event "Monteregie"]
[Site "St-Hyacinthe CAN"]
[Date "2006.11.19"]
[Round "5"]
[White "Caire, Francois"]
[Black "Bolduc, Steve"]
[Result "1/2-1/2"]
[WhiteElo "2232"]
[BlackElo "2309"]
[PlyCount "64"]
[GameId "2160767910748032"]
[EventDate "2006.11.17"]
[EventType "swiss"]
[EventRounds "5"]
[EventCountry "CAN"]

1. d4 Nf6 2. c4 e6 3. Nf3 b6 4. g3 Bb4+ 5. Bd2 Be7 6. Bg2 Ba6 7. b3 c6 8. O-O d5 9. Ne5 Nfd7 10. Nxd7 Qxd7 11. cxd5 cxd5 12. Bc3 Nc6 13. Nd2 Rc8 14. Nf3 O-O 15. Qd2 Rc7 16. Rfc1 Rfc8 17. e3 Ba3 18. Bb2 Qe7 19. Ne1 Qb4 20. Qxb4 Bxb4 21. Nf3 Bd6 22. a3 Na5 23. Nd2 Rc2 24. Rxc2 Rxc2 25. Bc1 Bxa3 26. Bxa3 Rxd2 27. Bb4 Rb2 28. Bxa5 bxa5 29. h4 Rxb3 30. Rxa5 Rb6 31. Bf1 Bxf1 32. Rxa7 g6 1/2-1/2

[Event "Outaouais op"]
[Site "Gatineau CAN"]
[Date "2006.09.22"]
[Round "1"]
[White "Xiong, Jerry"]
[Black "Bolduc, Steve"]
[Result "0-1"]
[WhiteElo "1946"]
[BlackElo "2330"]
[PlyCount "56"]
[GameId "2160767910773258"]
[EventDate "2006.09.22"]
[EventType "swiss"]
[EventRounds "5"]
[EventCountry "CAN"]
[SourceTitle "EXT 2022"]
[Source "ChessBase"]
[SourceDate "2021.10.06"]
[SourceVersion "1"]
[SourceVersionDate "2021.10.06"]
[SourceQuality "1"]

1. e4 c5 2. Nf3 d6 3. d4 cxd4 4. Nxd4 Nf6 5. Nc3 a6 6. Be2 e5 7. Nb3 Be7 8. O-O O-O 9. Be3 b6 10. Qd3 Bb7 11. f3 Nbd7 12. Nd2 Qc7 13. Rad1 Nc5 14. Bxc5 Qxc5+ 15. Kh1 b5 16. Nb3 Qc7 17. Nd5 Nxd5 18. exd5 Rac8 19. c3 Bg5 20. Na1 Qe7 21. Nc2 Rc5 22. Nb4 Rfc8 23. Qe4 g6 24. f4 f5 25. Qe3 Bh6 26. g4 fxg4 27. Bxg4 Rf8 28. Nc6 Qf6 0-1

[Event "Outaouais op"]
[Site "Gatineau CAN"]
[Date "2006.09.23"]
[Round "2"]
[White "Bolduc, Steve"]
[Black "Mai, Lloyd"]
[Result "0-1"]
[WhiteElo "2263"]
[BlackElo "2023"]
[PlyCount "110"]
[GameId "2160767910773259"]
[EventDate "2006.09.22"]
[EventType "swiss"]
[EventRounds "5"]
[EventCountry "CAN"]
[SourceTitle "EXT 2022"]
[Source "ChessBase"]
[SourceDate "2021.10.06"]
[SourceVersion "1"]
[SourceVersionDate "2021.10.06"]
[SourceQuality "1"]

1. d4 Nf6 2. Nf3 g6 3. c4 Bg7 4. Nc3 d6 5. e4 O-O 6. Be2 e5 7. O-O Nc6 8. d5 Ne7 9. Nd2 Nd7 10. b4 f5 11. a4 Nf6 12. f3 f4 13. c5 g5 14. cxd6 cxd6 15. Nc4 Ng6 16. Ba3 Rf7 17. Rc1 Bf8 18. Rf2 h5 19. Bf1 Rg7 20. Rfc2 g4 21. Nb5 Nh4 22. Ncxd6 Qb6+ 23. Kh1 gxf3 24. Nxc8 Rxc8 25. Rxc8 Nxe4 26. R8c2 Qg6 27. d6 fxg2+ 28. Bxg2 Nxg2 29. Nc3 Ne3 30. Qf3 Nxc2 31. Qxe4 Qxe4+ 32. Nxe4 Nxa3 33. Rc8 Kf7 34. d7 Be7 35. d8=Q Bxd8 36. Rxd8 Nc2 37. b5 Nd4 38. Rd7+ Kg6 39. Rxg7+ Kxg7 40. Nd6 b6 41. Nc8 Nb3 42. Nxa7 Nc5 43. Nc6 Kf6 44. a5 bxa5 45. Nxa5 Nd7 46. Kg2 Nb6 47. Nc6 Kf5 48. Kf3 e4+ 49. Kf2 h4 50. h3 f3 51. Nd4+ Kf4 52. Ne6+ Ke5 53. Nc5 Nc4 54. Na4 Kf4 55. b6 e3+ 0-1

[Event "Outaouais op"]
[Site "Gatineau CAN"]
[Date "2006.09.23"]
[Round "3"]
[White "Danilov, Alex"]
[Black "Bolduc, Steve"]
[Result "0-1"]
[WhiteElo "1920"]
[BlackElo "2330"]
[PlyCount "76"]
[GameId "2160767910773269"]
[EventDate "2006.09.22"]
[EventType "swiss"]
[EventRounds "5"]
[EventCountry "CAN"]
[SourceTitle "EXT 2022"]
[Source "ChessBase"]
[SourceDate "2021.10.06"]
[SourceVersion "1"]
[SourceVersionDate "2021.10.06"]
[SourceQuality "1"]

1. d4 Nf6 2. Nf3 e6 3. Bf4 c5 4. e3 b6 5. Bd3 Bb7 6. Nbd2 Be7 7. h3 Nd5 8. Bg3 f5 9. e4 Nb4 10. exf5 Nxd3+ 11. cxd3 exf5 12. dxc5 bxc5 13. O-O d5 14. Re1 Nc6 15. Ng5 O-O 16. Ne6 Qd7 17. Nxf8 Rxf8 18. f3 Bf6 19. Bf2 d4 20. Nb3 Qd6 21. Rc1 c4 22. dxc4 d3 23. c5 Qd5 24. Qd2 Rd8 25. Rcd1 Ba6 26. Qe3 Ne5 27. f4 Bb7 28. Qg3 Ng6 29. Qf3 Qxf3 30. gxf3 Bxf3 31. Rd2 Nxf4 32. Re3 Be4 33. Rxe4 fxe4 34. c6 Nxh3+ 35. Kf1 Nxf2 36. Kxf2 Bg5 37. Rd1 e3+ 38. Ke1 Bh4+ 0-1

[Event "Outaouais op"]
[Site "Gatineau CAN"]
[Date "2006.09.24"]
[Round "4"]
[White "Bolduc, Steve"]
[Black "Gagnon, Fabien"]
[Result "1-0"]
[WhiteElo "2330"]
[BlackElo "2030"]
[PlyCount "67"]
[GameId "2160767910773271"]
[EventDate "2006.09.22"]
[EventType "swiss"]
[EventRounds "5"]
[EventCountry "CAN"]
[SourceTitle "EXT 2022"]
[Source "ChessBase"]
[SourceDate "2021.10.06"]
[SourceVersion "1"]
[SourceVersionDate "2021.10.06"]
[SourceQuality "1"]

1. d4 Nf6 2. Nf3 g6 3. c4 c5 4. d5 b5 5. cxb5 a6 6. b6 Bg7 7. Nc3 O-O 8. a4 Qxb6 9. e4 d6 10. Nd2 e6 11. Be2 exd5 12. exd5 Re8 13. O-O Nbd7 14. Nc4 Qc7 15. Bf3 Ne5 16. Nxe5 Rxe5 17. Bf4 Rf5 18. Qd2 Rb8 19. Rfe1 Rb4 20. Bh6 Rd4 21. Qc1 Qd8 22. Bxg7 Kxg7 23. Ne2 Rd3 24. Ng3 Rfxf3 25. gxf3 Rxf3 26. Qd2 Ng4 27. Ra3 Rxa3 28. bxa3 Qh4 29. f4 Bb7 30. Re2 Nf6 31. Ne4 Qg4+ 32. Rg2 Qf5 33. Nxf6 Kxf6 34. Qb2+ 1-0

[Event "Outaouais op"]
[Site "Gatineau CAN"]
[Date "2006.09.24"]
[Round "5"]
[White "Gordon, David"]
[Black "Bolduc, Steve"]
[Result "1-0"]
[WhiteElo "2106"]
[BlackElo "2330"]
[PlyCount "101"]
[GameId "2160767910773272"]
[EventDate "2006.09.22"]
[EventType "swiss"]
[EventRounds "5"]
[EventCountry "CAN"]
[SourceTitle "EXT 2022"]
[Source "ChessBase"]
[SourceDate "2021.10.06"]
[SourceVersion "1"]
[SourceVersionDate "2021.10.06"]
[SourceQuality "1"]

1. d4 Nf6 2. Bg5 e6 3. Nd2 h6 4. Bh4 c5 5. e3 b6 6. Qf3 Nc6 7. Ne4 Be7 8. Nxf6+ gxf6 9. d5 Ne5 10. Qg3 exd5 11. Qg7 Ng6 12. Bd3 Bf8 13. Qxf6 Be7 14. Qg7 Bxh4 15. Bxg6 Rf8 16. Qe5+ Qe7 17. Qxe7+ Kxe7 18. Bh5 Rb8 19. Ne2 Ba6 20. Nf4 d4 21. exd4 Bg5 22. g3 cxd4 23. O-O-O Bxf4+ 24. gxf4 d3 25. cxd3 Rbc8+ 26. Kd2 Rc5 27. Be2 Rf5 28. Rc1 Kd6 29. Rhg1 Rxf4 30. Rg4 Rxg4 31. Bxg4 Rg8 32. Bf3 Bb5 33. Re1 Rg6 34. Re4 Rf6 35. Ke3 a5 36. Rd4+ Kc7 37. Bd5 Bc6 38. Bxc6 dxc6 39. Rf4 Rxf4 40. Kxf4 Kd6 41. Kf5 Kd5 42. Kf6 Kd4 43. Kxf7 Kxd3 44. Kg6 Ke4 45. f4 Kxf4 46. Kxh6 b5 47. Kg6 c5 48. h4 c4 49. h5 b4 50. h6 a4 51. h7 1-0

[Event "Quebec-ch"]
[Site "Montreal CAN"]
[Date "2006.09.08"]
[Round "1"]
[White "Chabot, Roland"]
[Black "Bolduc, Steve"]
[Result "1/2-1/2"]
[WhiteElo "2316"]
[BlackElo "2263"]
[PlyCount "154"]
[GameId "2160767910773363"]
[EventDate "2006.09.08"]
[EventType "tourn"]
[EventRounds "9"]
[EventCountry "CAN"]
[EventCategory "1"]
[SourceTitle "EXT 2007"]
[Source "ChessBase"]
[SourceDate "2006.11.23"]
[SourceVersion "1"]
[SourceVersionDate "2006.11.23"]
[SourceQuality "1"]

1. d4 Nf6 2. c4 e6 3. Nc3 Bb4 4. Qc2 O-O 5. a3 Bxc3+ 6. Qxc3 b5 7. cxb5 c6 8. Bg5 cxb5 9. e3 Bb7 10. f3 a6 11. Nh3 Nc6 12. Be2 h6 13. Bxf6 Qxf6 14. O-O Rac8 15. Rac1 Ne7 16. Qd2 e5 17. dxe5 Qxe5 18. Bd3 Bd5 19. Rfe1 Be6 20. Nf2 Nd5 21. f4 Qf6 22. f5 Bxf5 23. e4 Be6 24. exd5 Bxd5 25. Bb1 Rxc1 26. Qxc1 Bc4 27. Qd2 g6 28. Ng4 Qb6+ 29. Kh1 h5 30. Ne5 Be6 31. Qf4 d6 32. Nf3 Qf2 33. Qd4 Qxd4 34. Nxd4 Bd5 35. Kg1 Rc8 36. Kf2 Kf8 37. g3 Rc4 38. Rd1 Bb7 39. Ba2 Rc5 40. Ke3 Re5+ 41. Kd2 h4 42. Re1 hxg3 43. hxg3 Rh5 44. Rf1 Rh2+ 45. Kc3 f5 46. g4 Rh3+ 47. Kd2 Rh4 48. Ne6+ Ke7 49. gxf5 gxf5 50. Ng7 Rh2+ 51. Kc3 Rh3+ 52. Kd4 Rh4+ 53. Ke3 Re4+ 54. Kd3 f4 55. Nf5+ Kd7 56. Rg1 Bc6 57. Rg7+ Kd8 58. Nd4 Re3+ 59. Kd2 Bd7 60. Bd5 Rh3 61. Rf7 Rh2+ 62. Kc3 Rh5 63. Be6 Bxe6 64. Nxe6+ Ke8 65. Ng7+ Kxf7 66. Nxh5 f3 67. Kd3 Ke6 68. Ke3 Kd5 69. Kxf3 Kc4 70. Nf4 Kb3 71. Nd3 a5 72. Ke3 Kc2 73. Kd4 b4 74. axb4 axb4 75. Kc4 d5+ 76. Kd4 b3 77. Ke3 Kd1 1/2-1/2

[Event "Quebec-ch"]
[Site "Montreal CAN"]
[Date "2006.09.09"]
[Round "2"]
[White "Bolduc, Steve"]
[Black "Ye, Ling Feng"]
[Result "1/2-1/2"]
[WhiteElo "2263"]
[BlackElo "2103"]
[PlyCount "50"]
[GameId "2160767910773368"]
[EventDate "2006.09.08"]
[EventType "tourn"]
[EventRounds "9"]
[EventCountry "CAN"]
[EventCategory "1"]
[SourceTitle "EXT 2007"]
[Source "ChessBase"]
[SourceDate "2006.11.23"]
[SourceVersion "1"]
[SourceVersionDate "2006.11.23"]
[SourceQuality "1"]

1. d4 Nf6 2. Nf3 g6 3. c4 Bg7 4. Nc3 d5 5. cxd5 Nxd5 6. e4 Nxc3 7. bxc3 c5 8. Rb1 O-O 9. Be2 cxd4 10. cxd4 Qa5+ 11. Bd2 Qxa2 12. O-O Bg4 13. Be3 Nc6 14. d5 Bxf3 15. Bxf3 Ne5 16. Be2 Nc4 17. Bg5 Rfe8 18. Rxb7 Nd6 19. Rb4 a5 20. Ra4 Qb2 21. Bc1 Qb6 22. Be3 Qb2 23. Re1 Bc3 24. Bc1 Qb6 25. Be3 Qb2 1/2-1/2

[Event "Quebec-ch"]
[Site "Montreal CAN"]
[Date "2006.09.10"]
[Round "3"]
[White "Khassanov, Marat"]
[Black "Bolduc, Steve"]
[Result "1-0"]
[WhiteElo "2312"]
[BlackElo "2263"]
[PlyCount "73"]
[GameId "2160767910773374"]
[EventDate "2006.09.08"]
[EventType "tourn"]
[EventRounds "9"]
[EventCountry "CAN"]
[EventCategory "1"]
[SourceTitle "EXT 2007"]
[Source "ChessBase"]
[SourceDate "2006.11.23"]
[SourceVersion "1"]
[SourceVersionDate "2006.11.23"]
[SourceQuality "1"]

1. e4 c5 2. Nf3 d6 3. d4 cxd4 4. Nxd4 Nf6 5. Nc3 a6 6. Be3 e5 7. Nb3 Be6 8. Qd2 Nbd7 9. O-O-O b5 10. f3 Nb6 11. Qf2 Nc4 12. Bxc4 bxc4 13. Na5 Qd7 14. g4 Be7 15. g5 Bd8 16. gxf6 Bxa5 17. fxg7 Rg8 18. Nd5 Bd8 19. f4 Qb7 20. fxe5 dxe5 21. Nf6+ Bxf6 22. Qxf6 c3 23. b3 Qe7 24. Qxe7+ Kxe7 25. Bc5+ Ke8 26. Bf8 a5 27. a4 Rc8 28. Rhf1 Rxf8 29. gxf8=Q+ Kxf8 30. Rd3 Ke7 31. Rff3 f5 32. Rxc3 fxe4 33. Rfe3 Rxc3 34. Rxc3 Kd6 35. Kd2 Bf5 36. Ke3 h5 37. h4 1-0

[Event "Quebec-ch"]
[Site "Montreal CAN"]
[Date "2006.09.11"]
[Round "4"]
[White "Voskanyan, Vahagn"]
[Black "Bolduc, Steve"]
[Result "0-1"]
[WhiteElo "2332"]
[BlackElo "2263"]
[PlyCount "58"]
[GameId "2160767910773381"]
[EventDate "2006.09.08"]
[EventType "tourn"]
[EventRounds "9"]
[EventCountry "CAN"]
[EventCategory "1"]
[SourceTitle "EXT 2007"]
[Source "ChessBase"]
[SourceDate "2006.11.23"]
[SourceVersion "1"]
[SourceVersionDate "2006.11.23"]
[SourceQuality "1"]

1. e4 c5 2. Nf3 d6 3. d4 cxd4 4. Nxd4 Nf6 5. Nc3 a6 6. Be2 e5 7. Nb3 Be7 8. g4 Be6 9. g5 Nfd7 10. Rg1 Nc6 11. Be3 Nc5 12. h4 Rc8 13. Bg4 Nxb3 14. cxb3 O-O 15. Bxe6 fxe6 16. Qg4 Nd4 17. Bxd4 exd4 18. Qxe6+ Kh8 19. Nd5 Rc2 20. Rg2 Qa5+ 21. Kf1 Qd2 22. Nf6 Rc1+ 23. Rxc1 Qxc1+ 24. Ke2 Qc2+ 25. Kf3 Bxf6 26. Kg4 Qe2+ 27. Kh3 Qf3+ 28. Rg3 Qh1+ 29. Kg4 Be5 0-1

[Event "Quebec-ch"]
[Site "Montreal CAN"]
[Date "2006.09.12"]
[Round "5"]
[White "Bolduc, Steve"]
[Black "Masse, Hugues"]
[Result "1-0"]
[WhiteElo "2263"]
[BlackElo "2176"]
[PlyCount "79"]
[GameId "2160767910773382"]
[EventDate "2006.09.08"]
[EventType "tourn"]
[EventRounds "9"]
[EventCountry "CAN"]
[EventCategory "1"]
[SourceTitle "EXT 2007"]
[Source "ChessBase"]
[SourceDate "2006.11.23"]
[SourceVersion "1"]
[SourceVersionDate "2006.11.23"]
[SourceQuality "1"]

1. d4 Nf6 2. Nf3 g6 3. c4 Bg7 4. Nc3 d5 5. cxd5 Nxd5 6. e4 Nxc3 7. bxc3 c5 8. Rb1 O-O 9. Be2 Nc6 10. d5 Ne5 11. Nxe5 Bxe5 12. Rb3 e6 13. f4 Bg7 14. c4 Re8 15. e5 f6 16. f5 exd5 17. e6 dxc4 18. Qxd8 Rxd8 19. Bxc4 Kf8 20. Be3 b6 21. g4 Bb7 22. Bxc5+ bxc5 23. Rxb7 Re8 24. Rf7+ Kg8 25. O-O Rab8 26. g5 Rb4 27. Rc1 gxf5 28. gxf6 Bh6 29. Re7 Rf8 30. f7+ Kg7 31. Rc2 Rb1+ 32. Kg2 Kf6 33. Rd7 Re1 34. Rd6 Bf4 35. Ra6 Bb8 36. Be2 Rc8 37. Kf2 Rxe2+ 38. Kxe2 Ke7 39. Rd2 Rc7 40. Rd8 1-0

[Event "Quebec-ch"]
[Site "Montreal CAN"]
[Date "2006.09.16"]
[Round "8"]
[White "Benoit-Deschamps, Jean-Marc"]
[Black "Bolduc, Steve"]
[Result "0-1"]
[WhiteElo "2115"]
[BlackElo "2263"]
[PlyCount "90"]
[GameId "2160767910773397"]
[EventDate "2006.09.08"]
[EventType "tourn"]
[EventRounds "9"]
[EventCountry "CAN"]
[EventCategory "1"]
[SourceTitle "EXT 2007"]
[Source "ChessBase"]
[SourceDate "2006.11.23"]
[SourceVersion "1"]
[SourceVersionDate "2006.11.23"]
[SourceQuality "1"]

1. d4 Nf6 2. c4 e6 3. Nc3 Bb4 4. e3 O-O 5. Nge2 d5 6. cxd5 exd5 7. g3 c6 8. a3 Bd6 9. Qc2 g6 10. f3 Nh5 11. Bg2 f5 12. Bd2 Nd7 13. O-O-O b5 14. Rdf1 Nb6 15. e4 Bd7 16. e5 Be7 17. h4 a5 18. Bh6 b4 19. Bxf8 Bxf8 20. Nb1 Nc4 21. a4 b3 22. Qd3 Bc8 23. f4 Rb8 24. Nec3 Rb4 25. Bf3 Ng7 26. h5 Ne6 27. hxg6 hxg6 28. Bd1 Qb6 29. Ne2 Ba6 30. g4 Nxb2 31. Qh3 Nd3+ 32. Kd2 Bg7 33. Qh7+ Kf8 34. gxf5 Rxd4 35. fxe6 Nxe5+ 36. Ke1 Nd3+ 37. Kd2 Nf2+ 38. Kc1 b2+ 39. Kc2 Bd3+ 40. Kd2 Bxb1+ 41. Nxd4 Qxd4+ 42. Ke2 Bd3+ 43. Kf3 Be4+ 44. Ke2 Qd3+ 45. Kxf2 Bd4+ 0-1

[Event "Quebec-ch"]
[Site "Montreal CAN"]
[Date "2006.09.17"]
[Round "9"]
[White "Bolduc, Steve"]
[Black "McDonough, Jonathan"]
[Result "1-0"]
[WhiteElo "2263"]
[BlackElo "2218"]
[PlyCount "61"]
[GameId "2160767910773403"]
[EventDate "2006.09.08"]
[EventType "tourn"]
[EventRounds "9"]
[EventCountry "CAN"]
[EventCategory "1"]
[SourceTitle "EXT 2007"]
[Source "ChessBase"]
[SourceDate "2006.11.23"]
[SourceVersion "1"]
[SourceVersionDate "2006.11.23"]
[SourceQuality "1"]

1. d4 Nf6 2. Nf3 e6 3. c4 b6 4. a3 Bb7 5. Nc3 Be7 6. d5 O-O 7. e4 d6 8. Bd3 exd5 9. exd5 Re8 10. O-O Nbd7 11. Re1 Nf8 12. Bc2 Ng6 13. Ba4 Nd7 14. Nd4 Bf6 15. Be3 Rf8 16. Ne4 Be5 17. Bg5 Qc8 18. h4 Nc5 19. Nxc5 bxc5 20. Nf3 f6 21. h5 Nf4 22. Bxf4 Bxf4 23. Re7 Rb8 24. Nh4 Bh6 25. Bd7 Qd8 26. Nf5 Kh8 27. Qg4 Rg8 28. Rae1 Bc8 29. Nxh6 gxh6 30. Qf5 Qf8 31. Rxh7# 1-0

[Event "CAN-ch"]
[Site "Toronto CAN"]
[Date "2006.08.19"]
[Round "2"]
[White "Bolduc, Steve"]
[Black "Ademi, Sami"]
[Result "1/2-1/2"]
[WhiteElo "2177"]
[BlackElo "2249"]
[PlyCount "67"]
[GameId "2160767910781876"]
[EventDate "2006.08.18"]
[EventType "swiss"]
[EventRounds "9"]
[EventCountry "CAN"]
[SourceTitle "The Week in Chess 615"]
[Source "Mark Crowther"]
[SourceDate "2006.08.21"]
[SourceVersion "1"]
[SourceVersionDate "2006.08.21"]
[SourceQuality "2"]

1. d4 Nf6 2. Nf3 g6 3. c4 Bg7 4. Nc3 d5 5. cxd5 Nxd5 6. e4 Nxc3 7. bxc3 c5 8. Rb1 O-O 9. Be2 Nc6 10. d5 Ne5 11. Nxe5 Bxe5 12. Qd2 e6 13. f4 Bg7 14. c4 e5 15. O-O b6 16. Bb2 Qd6 17. f5 Re8 18. g4 gxf5 19. gxf5 Bh6 20. Qc3 Qf6 21. Kh1 Bd7 22. Rg1+ Kh8 23. Rg4 Qe7 24. Rbg1 f6 25. Qh3 Bg5 26. Qg3 Bh6 27. Bc1 Bxc1 28. Rg7 Qf8 29. Rxd7 Bh6 30. Qh4 Red8 31. Rb7 Rdb8 32. Rc7 Rc8 33. Rb7 Rcb8 34. Rc7 1/2-1/2

[Event "CAN-ch"]
[Site "Toronto CAN"]
[Date "2006.08.22"]
[Round "5"]
[White "Livshits, Ron"]
[Black "Bolduc, Steve"]
[Result "0-1"]
[WhiteElo "2355"]
[BlackElo "2177"]
[PlyCount "82"]
[GameId "2160767910790174"]
[EventDate "2006.08.18"]
[EventType "swiss"]
[EventRounds "9"]
[EventCountry "CAN"]
[SourceTitle "The Week in Chess 616"]
[Source "Mark Crowther"]
[SourceDate "2006.08.28"]
[SourceVersion "1"]
[SourceVersionDate "2006.08.28"]
[SourceQuality "2"]

1. d4 Nf6 2. c4 e6 3. Nc3 Bb4 4. g3 c5 5. Nf3 b6 6. Bg2 Bxc3+ 7. bxc3 Bb7 8. d5 d6 9. O-O e5 10. Nh4 Qe7 11. Nf5 Qf8 12. a4 a5 13. e4 h6 14. f4 Nbd7 15. Rb1 Ra6 16. Qe2 Kd8 17. Be3 Kc7 18. Rb5 Bc8 19. h3 Ra8 20. Rfb1 g6 21. fxe5 Nxe5 22. Rxb6 gxf5 23. Bxc5 dxc5 24. exf5 Ned7 25. d6+ Kd8 26. Bxa8 Nxb6 27. Rxb6 Nd7 28. Rc6 Qe8 29. Qg2 Qe1+ 30. Kh2 Qb1 31. Rxc8+ Kxc8 32. Qc6+ Kb8 33. Qxd7 Kxa8 34. Qc6+ Ka7 35. Qc7+ Qb7 36. Qxa5+ Kb8 37. Qxc5 Re8 38. Qf2 Qc6 39. c5 Qxa4 40. Qb2+ Kc8 41. Qg2 Qe4 0-1

[Event "CAN-ch"]
[Site "Toronto CAN"]
[Date "2006.08.23"]
[Round "6"]
[White "Bolduc, Steve"]
[Black "Huber, Gregory"]
[Result "1-0"]
[WhiteElo "2177"]
[BlackElo "2245"]
[PlyCount "89"]
[GameId "2160767910790195"]
[EventDate "2006.08.18"]
[EventType "swiss"]
[EventRounds "9"]
[EventCountry "CAN"]
[SourceTitle "CBM 113 Extra"]
[Source "ChessBase"]
[SourceDate "2006.09.14"]
[SourceVersion "1"]
[SourceVersionDate "2006.09.14"]
[SourceQuality "1"]

1. d4 Nf6 2. Nf3 e6 3. c4 c5 4. d5 exd5 5. cxd5 d6 6. Nc3 g6 7. h3 a6 8. a4 Qe7 9. Bf4 Bg7 10. Nd2 Nh5 11. Bh2 f5 12. e3 f4 13. e4 O-O 14. Be2 Qg5 15. Rg1 Nd7 16. Nc4 Ng3 17. Bf3 Be5 18. Qd2 Qf6 19. Nxe5 Qxe5 20. O-O-O b5 21. Rge1 b4 22. Nb1 Nh5 23. Bxh5 gxh5 24. g3 f3 25. Qe3 Nb6 26. Nd2 Bxh3 27. a5 Nxd5 28. exd5 Qxd5 29. g4 Bxg4 30. Qb3 Qxb3 31. Nxb3 c4 32. Nd4 Rf6 33. Nc6 b3 34. Rxd6 Rxd6 35. Bxd6 Kg7 36. Kd2 Rc8 37. Nd4 h4 38. Kc3 h3 39. Re3 h5 40. Nxf3 Bxf3 41. Rxf3 h2 42. Bxh2 Rc5 43. Rf4 Rxa5 44. Rxc4 Rf5 45. Bg3 1-0